| 000 | 00634nam a2200241 a 4500 | ||
|---|---|---|---|
| 001 | 0001-1020 | ||
| 003 | ELIB.Books | ||
| 008 | 141029 2010 eng | ||
| 020 | _a9789627439554 | ||
| 035 | _a(ELIB.Books)0001-1174 | ||
| 092 |
_a280.042 _bAnt |
||
| 100 | _aAntone, Hope S. | ||
| 245 | _aLife Together: Memories and Dreams | ||
| 260 |
_aChiang Mai _bChristian Conference of Asia _c2010 |
||
| 300 |
_a166 _c21 Cm |
||
| 500 | _aLibrary | ||
| 650 | _aEcumenism | ||
| 856 |
_nChristian Conference of Asia _uKBTS; Elib. |
||
| 942 |
_2ddc _cBK |
||
| 990 | _a1 | ||
| 998 |
_cbat _e2014-10-29 |
||
| 999 |
_c11020 _d11020 |
||